000 00402nam a2200157Ia 4500
008 210716s2015 xx 000 0 und d
020 _a9789351117117
041 _aeng
082 _a519.5 KUMA
100 _aKumar, Alok.
245 _aQuantitative aptitude statistics.
250 _a1
260 _aNew Delhi
_bRandom House
_c2015
300 _aviii,288
650 _aStatistical Mathematics(519.5)
999 _c194907
_d194907